Delicious Things - Wolf Alice Lyrics - Statistics

General Stats
  • This quiz has been taken 8 times
  • The average score is 202 of 375
Answer Stats
Answer % Correct
a
100%
I
100%
"I
100%
you
100%
and
83%
And
83%
be
83%
give
83%
go.
83%
go,
83%
He
83%
he
83%
I'm
83%
in
83%
It
83%
it
83%
Los
83%
no.
83%
no,
83%
no
83%
say
83%
say,
83%
The
83%
the
83%
won't
83%
Angeles.
67%
Angeles?
67%
as
67%
believe
67%
believe,
67%
don't
67%
Don't
67%
his
67%
I'll
67%
is,
67%
is"
67%
is
67%
like
67%
me
67%
me,
67%
me.
67%
to
67%
would
67%
Would
67%
are
50%
from
50%
girl
50%
here?
50%
here.
50%
here
50%
here,
50%
if
50%
If
50%
kind
50%
kinda
50%
long
50%
my
50%
of
50%
so,
50%
strong
50%
that
50%
then
50%
top,
50%
vibes
50%
all
33%
Ask
33%
at
33%
band,
33%
belong
33%
blow.
33%
but
33%
feel
33%
Feel
33%
for
33%
garden.
33%
garden,
33%
Hollywood
33%
into
33%
it's
33%
It's
33%
I've
33%
just
33%
know
33%
know,
33%
learned
33%
love
33%
making
33%
margarita
33%
mojito,
33%
mountain.
33%
movie
33%
needs
33%
on
33%
only
33%
probably
33%
seems
33%
shot
33%
Some
33%
some
33%
spot
33%
there?
33%
where
33%
Adam.
17%
alive
17%
anxious
17%
bad
17%
boy
17%
care,
17%
Could
17%
cuts
17%
disguised
17%
eyes
17%
fact
17%
falling,
17%
fun
17%
get
17%
guy
17%
hand.
17%
has
17%
He's
17%
"Hey
17%
hills,
17%
home.
17%
home
17%
left
17%
line
17%
longer
17%
man.
17%
Marilyn
17%
Monroe.
17%
mum
17%
music
17%
name
17%
one
17%
own
17%
pills,
17%
play
17%
popping
17%
quite
17%
really
17%
rolls
17%
score
17%
selfish
17%
socially
17%
taken
17%
thing,
17%
think
17%
This
17%
was
17%
way
17%
wrong
17%
you're
17%
asks
0%
bed
0%
beside
0%
boring.
0%
calling"
0%
can't
0%
cashing
0%
dreams
0%
elegance
0%
Extravagance
0%
felt
0%
goes
0%
he'll
0%
likes
0%
lose
0%
pints,
0%
pulling
0%
Scared
0%
sight.
0%
slowly
0%
stalling.
0%
though
0%
tills,
0%
what
0%
No matching quizzes found
Score Distribution
Percent of People with Each Score
Percentile by Number Answered
Your Score History
You have not taken this quiz